Statistiques concernant La Gazette des Pirates

Cliquez ici pour prendre le quiz!

Statistiques générales

  • Ce quiz a été pris 4 fois
  • Le résultat moyen est 22 sur 57

Statistiques - réponses

HintRéponse% Correct
Gazette Troll 2 (Avril 2019)Batchee
100%
Gazette 01 (Juillet 2017, Reboot Juin 2021)Capone Bege
100%
Gazette 30 (Mai 2020)Curly Dadan
100%
Gazette 03 (Septembre 2017)Don Quichotte Doflamingo
100%
Gazette 21 (Juin 2019)Famille Neptune
100%
Gazette 28 (Janvier 2020)Jewelry Bonney
100%
Gazette Troll 4 (Avril 2021)Kokoro
100%
Gazette 27 (Décembre 2019)Kuzan
100%
Gazette 33 (Août 2020)Nefertari Vivi
100%
Gazette 23 (Août 2019)Nekomamushi & Inuarashi
100%
Gazette 04 (Novembre 2017)Portgas D. Ace
100%
Gazette 41 (Mai 2021)Zeff
100%
Gazette 45 (Octobre 2021)Basil Hawkins
50%
Gazette 20 (Mai 2019)Belmer
50%
Gazette 26 (Novembre 2019)Bentham
50%
Gazette 05 (Décembre 2017)Boa Hancock
50%
Gazette 46 (Novembre 2021)Borsalino
50%
Gazette 11 (Juillet 2018)Crocodile
50%
Gazette 52 (Juillet 2022)Dracule Mihawk
50%
Gazette 12 (Août 2018)Enel
50%
Gazette 02 (Août 2017)Famille Vinsmoke
50%
Gazette Troll 01 (Avril 2018)Hoop Slap & Buddle
50%
Gazette 06 (Janvier 2018)Issho
50%
Gazette 40 (Avril 2021)Kuro
50%
Gazette Troll 3 (Avril 2020)La Chèvre
50%
Gazette 42 (Juillet 2021)Mermaid Café
50%
Gazette 08 (Mai 2018)Mone
50%
Gazette 22 (Juillet 2019)Monkey D. Garp
50%
Gazette 50 (Mai 2022)Mont Blanc Noland
50%
Gazette 14 (Octobre 2018)Perona
50%
Gazette 17 (Janvier 2019)Smoker
50%
Gazette 10 (Juin 2018)Zunesha
50%
Gazette 49 (Mars 2022)Baby 5
0%
Gazette 47 (Décembre 2021)Bepo
0%
Gazette 43 (Août 2021)Cavendish
0%
Gazette 31 (Juin 2020César Clown
0%
Gazette 18 (Février 2019)Charlotte Linlin
0%
Gazette 34 (Septembre 2020)Don Quichotte Rossinante
0%
Gazette 38 (Janvier 2021)Dorry & Brogy
0%
Gazette 37 (Décembre 2020)Edward Newgate
0%
Gazette 07 (Mars 2018)Emporio Ivankov
0%
Gazette Troll 5 (Avril 2022)Escadron des Super Canards
0%
Gazette 36 (Novembre 2020)Foxy
0%
Gazette 44 (Septembre 2021)Laboon
0%
Gazette 29 (Février 2020)Les Prélats
0%
Gazette 35 (Octobre 2020)Magellan
0%
Gazette 15 (Novembre 2018)Marco
0%
Gazette 39 (Mars 2021)Nico Olvia
0%
Gazette 24 (Septembre 2019)Ohara
0%
Gazette 51 (Juin 2022)Pedro
0%
Gazette 16 (Décembre 2018)Royaume de Sakura
0%
Gazette 25 (Octobre 2019)Ryuma
0%
Gazette 09 (Mai 2018)Sengoku
0%
Gazette 48 (Février 2022)Shiki
0%
Gazette 13 (Septembre 2018)Silvers Rayleigh
0%
Gazette 19 (Mars 2019)Tribu Tontatta
0%
Gazette 32 (Juillet 2020)Water Seven
0%

Distribution des résultats

Percentile par nombre de réponses

% des personnes avec chaque résultat

Votre développement - résultats

Vous n’avez pas pris ce quiz